| 000 | 00330nam a2200133 a 4500 | ||
|---|---|---|---|
| 001 | 5075 | ||
| 003 | CDMR | ||
| 005 | 20130116135304.0 | ||
| 008 | 130130s1978||||||||||||||||||||||||||||d | ||
| 040 |
_aCDMR _bcat _cCPC GIRONA |
||
| 245 | 3 |
_aLa presó _bquatre morts, vuit mesos i vint dies _cVaris |
|
| 260 |
_c1978 _bLes eines |
||
| 942 | _cMON | ||
| 999 |
_c5075 _d5075 |
||